000 00264 a2200097 4500
001 39668
100 _aTanzul-ur-Rehman
245 _aObjective resolution & its impact on Pakistan constitutional law
260 _aKarachi
_bRoyal book
_c1996
090 _c24687
_d24687
942 _aNUST-CAE
_cM
_c16321
999 _c274741
_d274741